Statistics for Tokyo Jungle Animals

Click here to take the quiz!

General Stats

  • This quiz has been taken 8 times
  • The average score is 30 of 58

Answer Stats

TypeAnimal% Correct
PredatorLion
100%
PredatorTiger
100%
PredatorBear
75%
PredatorCat
75%
PredatorCheetah
75%
DLCCrocodile
75%
GrazerDairy Cow
75%
GrazerElephant
75%
GrazerHippo
75%
PredatorPanther
75%
GrazerPig
75%
GrazerSheep
75%
PredatorWolf
75%
GrazerAxis Deer
50%
PredatorBeagle
50%
GrazerBlackbuck
50%
GrazerBoar
50%
GrazerBuffalo
50%
GrazerChick
50%
GrazerChimpanzee
50%
DLCERC-X
50%
DLCFat Cat
50%
GrazerGazelle
50%
GrazerGiant Moa
50%
DLCGiraffe
50%
GrazerGoat
50%
DLCHomo Erectus
50%
PredatorHyena
50%
PredatorJackal
50%
DLCKangaroo
50%
PredatorLycaon
50%
GrazerMammoth
50%
DLCOffice Worker
50%
GrazerOstrich
50%
DLCPanda
50%
PredatorPolar Bear
50%
PredatorPomeranian
50%
DLCPomeranian (Black)
50%
DLCPomeranian (White)
50%
GrazerPorcupine
50%
GrazerRabbit
50%
PredatorRetriever
50%
DLCSaber-Toothed Tiger
50%
GrazerSika Deer
50%
DLCSilky Terrier
50%
GrazerThoroughbred
50%
PredatorTosa
50%
GrazerZebra
50%
Non-PlayableCrane
25%
Non-PlayableCrow
25%
PredatorDeinonychus
25%
PredatorDilophosaurus
25%
PredatorERC-003
25%
PredatorERC-2000
25%
Non-PlayableMeganeura
25%
Non-PlayablePteranodon
25%
Non-PlayableArchaeopteryx
0%
Non-PlayablePigeon
0%

Score Distribution

Percentile by Number Answered

Percent of People with Each Score

Your Score History

You have not taken this quiz